| 000 | 00609nam a2200217 i 4500 | ||
|---|---|---|---|
| 001 | bgj | ||
| 245 | 0 | 0 |
_aThe Norton anthology of English literature. _nVol. 2 / _cM. H. Abrams, general editor. |
| 250 | _a5th ed. | ||
| 260 |
_aNew York : _bW.W. Norton, _cc. 1986. |
||
| 300 |
_aXLVI, 2578 pp ; _c21 cm. |
||
| 504 | _aBibliography p. 2510-2540. | ||
| 505 | _aIncludes index. | ||
| 650 | 9 | _aEnglish literature | |
| 700 | 1 |
_aABRAMS, Meyer Howard. _eed. |
|
| 020 | _a0393954781 | ||
| 040 | _cBPK | ||
| 041 | _aeng | ||
| 920 | _a0-393-95478-1 | ||
| 942 | _cKS | ||
| 008 | s uk f |000 0 eng | ||
| 999 |
_c47356 _d47356 |
||
| 856 |
_uhttp://koha.tu.koszalin.pl/cgi-bin/koha/opac-detail.pl?biblionumber=47356 _yKatalog online BPK |
||